The melodramatic public: (Record no. 145720)
[ view plain ]
| 000 -LEADER | |
|---|---|
| fixed length control field | 00869nam a22002177a 4500 |
| 005 - DATE AND TIME OF LATEST TRANSACTION | |
| control field | 20180503141421.0 |
| 010 ## - LCCN (DPL NO) | |
| LC control number | 1718EN-30 ENG-122869 |
| 020 ## - INTERNATIONAL STANDARD BOOK NUMBER | |
| International Standard Book Number | 9788178244556 |
| Terms of availability | 595.00 |
| 035 ## - SYSTEM CONTROL NUMBER | |
| System control number | B-682961-962 ENG-122867/ EN-106401 |
| 037 ## - SOURCE OF ACQUISITION | |
| Source of stock number/acquisition | Aakar |
| Stock number | dpl |
| 037 ## - SOURCE OF ACQUISITION | |
| Source of stock number/acquisition | DBAD/PUB. |
| 082 ## - DEWEY DECIMAL CLASSIFICATION NUMBER | |
| Classification number | 791.430959 |
| 100 ## - MAIN ENTRY--PERSONAL NAME | |
| Personal name | Vasudevan, Ravi |
| 245 ## - TITLE STATEMENT | |
| Title | The melodramatic public: |
| Statement of responsibility, etc | by Ravi Vasudevan |
| Remainder of title | film form and spectatorship in Indian cinema / |
| 260 ## - PUBLICATION, DISTRIBUTION, ETC. (IMPRINT) | |
| Place of publication, distribution, etc | Ranikhet |
| Name of publisher, distributor, etc | Permanent Black |
| Date of publication, distribution, etc | 2015 |
| 270 ## - ADDRESS | |
| Address | Himalayana, Mall Road, Ranikhet Cantt. |
| City | Ranikhet |
| Postal code | 263645 |
| 300 v# - PHYSICAL DESCRIPTION | |
| Extent | xviii,457p. |
| Dimensions | 21cm(pbk) |
| 500 ## - GENERAL NOTE | |
| General note | Includes index |
| 942 ## - ADDED ENTRY ELEMENTS (KOHA) | |
| Source of classification or shelving scheme | Dewey Decimal Classification |
| Item type | English Books |
| Call number suffix | VAS |
| Classification part | 791.430959 |
| Withdrawn status | Lost status | Not for loan | Collection code | Home library | Current library | Date acquired | Source of acquisition | Cost, normal purchase price | Full call number | Barcode | Copy number | Cost, replacement price | Koha item type |
|---|---|---|---|---|---|---|---|---|---|---|---|---|---|
| Non-fiction | Ashok Vihar | Ashok Vihar | 05/01/2018 | Aakar/I-2013/30.11.2017/BPPD/EN/2017-18/20.11.17/14.12.2017 | 595.00 | 791.430959 VAS | B-682962 | 1 | 595.00 | English Books | |||
| Non-fiction | Central Library | Central Library | 05/01/2018 | Aakar/I-2013/30.11.2017/BPPD/EN/2017-18/20.11.17/14.12.2017 | 595.00 | 791.430959 VAS | B-682961 | 1 | 595.00 | English Books | |||
| Not For Loan | Non-fiction | D.B.Act.Division | Patel Nagar | 03/05/2018 | DBAD/PUB | 595.00 | 791.430959 VAS | EN-106401 | 1 | 595.00 | English Books |
